000 01420cam a2200217 4500500
005 20260111094130.0
041 _afre
042 _adc
100 1 0 _aCordier, Alain
_eauthor
700 1 0 _aGarapon, Antoine
_eauthor
700 1 0 _aMargron, Véronique
_eauthor
700 1 0 _aDujin, Anne
_eauthor
700 1 0 _aRégnier, Quentin
_eauthor
245 0 0 _aAprès le rapport de la Ciase
260 _c2022.
500 _a66
520 _aLe rapport de la Commission indépendante sur les abus sexuels dans l’Église constitue un jalon dans la manière dont est abordée la question des violences sexuelles. Alain Cordier et Antoine Garapon, membres de la commission, et sœur Véronique Margron, commanditaire du rapport, reviennent sur les principaux enseignements de ce travail, notamment sur les modalités d’écoute de la parole des victimes, et les pistes esquissées pour leur rendre justice.
520 _aThe report of the Independant commission of sexual abuse in the Church is a milestone in the way sexual abuse is approached. Two members of the commission and one of its religious sponsors discuss the main lessons from this work, in particular the way victims were listened to, and possible ways to ensure justice for them.
786 0 _nEsprit | Juillet-Août | 7 | 2022-07-01 | p. 83-93 | 0014-0759
856 4 1 _uhttps://shs.cairn.info/revue-esprit-2022-7-page-83?lang=fr&redirect-ssocas=7080
999 _c1628071
_d1628071